خو ا ب ر نگ مو سم (Record no. 174276)

MARC details
000 -LEADER
fixed length control field 00631nam a22001937a 4500
005 - DATE AND TIME OF LATEST TRANSACTION
control field 20200601154258.0
010 ## - LCCN (DPL NO)
LC control number UR-10769
020 ## - INTERNATIONAL STANDARD BOOK NUMBER
Terms of availability 250.00
International Standard Book Number 9789389002478
035 ## - SYSTEM CONTROL NUMBER
System control number U-9324
037 ## - SOURCE OF ACQUISITION
Source of stock number/acquisition DBAD/PUB
Stock number -
082 ## - DEWEY DECIMAL CLASSIFICATION NUMBER
Classification number 841
100 ## - MAIN ENTRY--PERSONAL NAME
Personal name شميم قا سمی
245 ## - TITLE STATEMENT
Title خو ا ب ر نگ مو سم
Statement of responsibility, etc شميم قا سمی
246 ## - VARYING FORM OF TITLE
Remainder of title Khawab Rung Mausam (Urdu)
Title proper/short title by Shamim Qasmi
260 ## - PUBLICATION, DISTRIBUTION, ETC. (IMPRINT)
Place of publication, distribution, etc Delhi
Name of publisher, distributor, etc Educational Publishing House
Date of publication, distribution, etc 2019 ء
270 ## - ADDRESS
Address 3191,Vakil Street,Kucha Pandit Lal Kuan,
City Delhi
Postal code 110006
Telephone number 23216162
Fax number -
300 ## - PHYSICAL DESCRIPTION
Extent 160 ص
Dimensions 22 Cm(Hb)
942 ## - ADDED ENTRY ELEMENTS (KOHA)
Source of classification or shelving scheme Dewey Decimal Classification
Item type Urdu Bks
Classification part 841
Call number suffix ق ا س
Holdings
Withdrawn status Lost status Not for loan Collection code Home library Current library Date acquired Source of acquisition Cost, normal purchase price Full call number Barcode Copy number Cost, replacement price Koha item type
      Non-fiction Central Library Central Library 01/06/2020 DBAD/PUB 250.00 841 ق ا س U-9324 1 250.00 Urdu Bks

© Delhi Public Library
Hit Counter
free hit counter